[Event "Dyfed Open"]
[Site "Fishguard"]
[Date "2017.02.25"]
[Round "3"]
[White "Mort, Andrew J"]
[Black "Buttell, David"]
[Result "1-0"]
[WhiteElo "1885"]
[BlackElo "1748"]
[PlyCount "93"]
[EventDate "2017.02.24"]
[EventType "swiss"]
[EventRounds "5"]
[EventCountry "WLS"]

1. c4 e5 2. g3 Nc6 3. Bg2 Nge7 4. Nc3 g6 5. Nf3 Bg7 6. O-O O-O 7. d3 d6 8. Rb1
f5 9. Bd2 f4 10. b4 fxg3 11. hxg3 Nf5 12. b5 Ncd4 13. Ng5 Bf6 14. Nge4 Bg7 15.
Nd5 Ne6 16. Bb4 c6 17. bxc6 bxc6 18. Ndc3 h5 19. e3 Bh6 20. Qa4 a5 21. Ba3 Qc7
22. Qb3 Ra6 23. Qb8 Qxb8 24. Rxb8 c5 25. Rfb1 Ng5 26. R1b6 Rxb6 27. Rxb6 Nf7
28. Rb5 a4 29. Ra5 Bg7 30. Rxa4 Be6 31. Ra6 Rb8 32. Nb5 Bf8 33. Nec3 Kg7 34.
Bd5 Bxd5 35. Nxd5 Rb7 36. Bc1 Rd7 37. a4 Be7 38. Bd2 Bd8 39. Ba5 Bxa5 40. Rxa5
Nd8 41. Ra6 Nb7 42. Ra7 Kf7 43. a5 Ne7 44. a6 Nc6 45. Rxb7 Rxb7 46. axb7 Ke6
47. Nbc7+ 1-0

[Event "Dyfed Open"]
[Site "Fishguard"]
[Date "2017.02.25"]
[Round "3"]
[White "Horrell, Stephen A"]
[Black "Bridges, Paul"]
[Result "1/2-1/2"]
[WhiteElo "1461"]
[BlackElo "1781"]
[PlyCount "40"]
[EventDate "2017.02.24"]
[EventType "swiss"]
[EventRounds "5"]
[EventCountry "WLS"]

1. e4 c5 2. Nc3 e6 3. g3 Nc6 4. Bg2 Nf6 5. d3 Be7 6. Nge2 O-O 7. O-O d6 8. d4
cxd4 9. Nxd4 Nxd4 10. Qxd4 e5 11. Qd3 Bd7 12. Be3 a6 13. Rfd1 Qc7 14. Bg5 Bc6
15. Bxf6 gxf6 16. Qf3 Bd7 17. Nd5 Qd8 18. Qd3 Be6 19. Nxe7+ Qxe7 20. c4 Rac8
1/2-1/2

[Event "Dyfed Open"]
[Site "Fishguard"]
[Date "2017.02.25"]
[Round "3"]
[White "Thomas, Roy"]
[Black "Dixon, Chris"]
[Result "0-1"]
[WhiteElo "1718"]
[BlackElo "1817"]
[PlyCount "82"]
[EventDate "2017.02.24"]
[EventType "swiss"]
[EventRounds "5"]
[EventCountry "WLS"]

1. f4 Nf6 2. Nf3 g6 3. e3 Bg7 4. Be2 O-O 5. d3 d6 6. O-O c5 7. e4 Nc6 8. Nc3 e6
9. Qe1 a6 10. a4 Rb8 11. Bd2 b5 12. axb5 axb5 13. Bd1 Nd7 14. Qg3 b4 15. Na4
Ra8 16. c3 Ba6 17. Nh4 Bf6 18. Be1 Bxh4 19. Qxh4 Qxh4 20. Bxh4 Bxd3 21. Re1
bxc3 22. bxc3 Rfb8 23. Bf3 Ra6 24. Red1 c4 25. Bf2 Rba8 26. f5 Rxa4 27. Rac1
Nde5 28. fxe6 fxe6 29. Bb6 Rf8 30. Bc7 Nxf3+ 31. gxf3 Rxf3 32. Bxd6 Ra2 33. Bg3
Re3 34. Re1 Rxe4 35. Rxe4 Bxe4 36. Re1 Bd5 37. Bd6 Na5 38. Re3 Nb3 39. Rg3 Nd2
40. Re3 Ra1+ 41. Kf2 Ne4+ 0-1

[Event "Dyfed Open"]
[Site "Fishguard"]
[Date "2017.02.25"]
[Round "3"]
[White "Haigh, Tony"]
[Black "Orton, Paul"]
[Result "1/2-1/2"]
[WhiteElo "1816"]
[BlackElo "1617"]
[PlyCount "65"]
[EventDate "2017.02.24"]
[EventType "swiss"]
[EventRounds "5"]
[EventCountry "WLS"]

1. d4 Nf6 2. Bg5 g6 3. Bxf6 exf6 4. c4 c5 5. dxc5 Qa5+ 6. Qd2 Qxd2+ 7. Nxd2
Bxc5 8. e3 O-O 9. O-O-O Re8 10. Bd3 Bf8 11. Ne2 Nc6 12. Ne4 Kg7 13. Bb1 f5 14.
Nd6 Rd8 15. a3 b6 16. Ba2 Bxd6 17. Rxd6 Kf8 18. h4 Bb7 19. Nf4 Rac8 20. Rd3 Ne5
21. Rc3 d5 22. cxd5 Rxc3+ 23. bxc3 Ng4 24. Rd1 Nxf2 25. Rd4 Rd6 26. Rc4 Rd7 27.
d6 Rxd6 28. Rc7 Rd1+ 29. Kb2 Rd2+ 30. Ka1 Rd1+ 31. Kb2 Rd2+ 32. Ka1 Rd1+ 33.
Kb2 1/2-1/2

[Event "Dyfed Open"]
[Site "Fishguard"]
[Date "2017.02.25"]
[Round "3"]
[White "Allford, Zane"]
[Black "Probert, Malcolm"]
[Result "1-0"]
[WhiteElo "1771"]
[BlackElo "1598"]
[PlyCount "47"]
[EventDate "2017.02.24"]
[EventType "swiss"]
[EventRounds "5"]
[EventCountry "WLS"]

1. e4 c6 2. d4 d5 3. Nc3 g6 4. e5 Nh6 5. Bf4 Bg7 6. Qd2 Ng8 7. O-O-O Nd7 8. Nf3
Nb6 9. Re1 Bg4 10. Re3 Bxf3 11. Rxf3 e6 12. Bg5 Qd7 13. Qf4 h5 14. h4 Nh6 15.
Bd3 Nf5 16. Nd1 Rf8 17. Bxf5 exf5 18. Re1 Qe6 19. Rfe3 Kd7 20. f3 Rae8 21. Nf2
Kc8 22. Nd3 Nd7 23. Qg3 b6 24. Nf4 1-0

[Event "Dyfed Open"]
[Site "Fishguard"]
[Date "2017.02.25"]
[Round "3"]
[White "Jones, Martin C"]
[Black "Leah, Howard"]
[Result "1-0"]
[WhiteElo "1733"]
[BlackElo "1518"]
[PlyCount "57"]
[EventDate "2017.02.24"]
[EventType "swiss"]
[EventRounds "5"]
[EventCountry "WLS"]

1. e4 c5 2. c3 a6 3. Nf3 d6 4. d4 cxd4 5. cxd4 Nf6 6. Nc3 e6 7. Be2 b5 8. a3
Qc7 9. Be3 Bb7 10. Rc1 Qd8 11. Qd3 Nbd7 12. O-O Be7 13. Ng5 h6 14. Nh3 O-O 15.
f4 Rc8 16. f5 Nb6 17. fxe6 fxe6 18. Nf4 Qd7 19. Ng6 Rf7 20. e5 Nfd5 21. Rxf7
Kxf7 22. Rf1+ Kg8 23. Ne4 Nxe3 24. Qxe3 Bxe4 25. Qxe4 Bg5 26. h4 Bd2 27. Bd3
Bf4 28. Rxf4 Rc1+ 29. Kh2 1-0

[Event "Dyfed Open"]
[Site "Fishguard"]
[Date "2017.02.25"]
[Round "3"]
[White "Jones, Huw"]
[Black "Eustis, Ian"]
[Result "0-1"]
[WhiteElo "1707"]
[BlackElo "1794"]
[PlyCount "72"]
[EventDate "2017.02.24"]
[EventType "swiss"]
[EventRounds "5"]
[EventCountry "WLS"]

1. d4 d5 2. c4 c6 3. Nc3 Nf6 4. Bg5 Ne4 5. Nxe4 dxe4 6. d5 Bf5 7. Qb3 Qb6 8.
Qxb6 axb6 9. Bd2 e6 10. dxe6 Bxe6 11. e3 Be7 12. Bc3 O-O 13. Nh3 Nd7 14. b4 Bf6
15. Bxf6 Nxf6 16. Nf4 Bf5 17. Ne2 Ra3 18. Nd4 Be6 19. Be2 Rfa8 20. O-O Bd7 21.
h3 Rxa2 22. Rxa2 Rxa2 23. c5 b5 24. Rb1 Kf8 25. Bd1 Ke7 26. Bb3 Ra7 27. g4 h6
28. Kg2 Be6 29. Bxe6 fxe6 30. Kg3 Nd5 31. h4 Ra4 32. Nc2 e5 33. Rb2 b6 34. cxb6
Nxb6 35. f4 exf3 36. Kxf3 Nc4 0-1

[Event "Dyfed Open"]
[Site "Fishguard"]
[Date "2017.02.25"]
[Round "3"]
[White "Di-Vetta, Andrew"]
[Black "Jansen van Rensburg, Leon"]
[Result "1/2-1/2"]
[WhiteElo "1604"]
[BlackElo "1700"]
[PlyCount "124"]
[EventDate "2017.02.24"]
[EventType "swiss"]
[EventRounds "5"]
[EventCountry "WLS"]

1. Nf3 Nf6 2. b3 d6 3. c4 g6 4. Bb2 e5 5. d3 Bg7 6. e3 O-O 7. Nc3 Nc6 8. a3 Re8
9. e4 a6 10. h3 Nd4 11. Nxd4 exd4 12. Ne2 c5 13. Qd2 b5 14. g4 bxc4 15. bxc4
Rb8 16. Bg2 h5 17. g5 Nd7 18. f4 Nf8 19. O-O Nh7 20. Rab1 Bd7 21. h4 Bg4 22.
Ng3 Qe7 23. Ba1 Rxb1 24. Rxb1 f6 25. Rb6 fxg5 26. hxg5 h4 27. Nf1 Qd7 28. Rxa6
Rb8 29. e5 Bh3 30. Rxd6 Qg4 31. Bxd4 cxd4 32. Rxg6 Bxg2 33. Qxg2 Qxf4 34. Qd5+
Kh8 35. e6 Rf8 36. Qg2 h3 37. Qxh3 Qf2+ 38. Kh1 Qxf1+ 39. Qxf1 Rxf1+ 40. Kg2
Re1 41. e7 Rxe7 42. c5 Rc7 43. c6 Kg8 44. Kf3 Kf7 45. Rd6 Ke7 46. Rg6 Kf7 47.
Rd6 Nxg5+ 48. Kg4 Ne6 49. Kf5 Nd8 50. Rxd8 Rxc6 51. Rd7+ Kg8 52. Ke4 Re6+ 53.
Kd5 Re3 54. Kc4 Re1 55. a4 Rc1+ 56. Kd5 Rc3 57. Ke4 Ra3 58. Ra7 Kh7 59. a5 Kg6
60. a6 Ra5 61. Ra8 Re5+ 62. Kf4 Rf5+ 1/2-1/2

[Event "Dyfed Open"]
[Site "Fishguard"]
[Date "2017.02.25"]
[Round "3"]
[White "Jones, Dewi"]
[Black "Cooke, Mark"]
[Result "1/2-1/2"]
[WhiteElo "1534"]
[BlackElo "1644"]
[PlyCount "81"]
[EventDate "2017.02.24"]
[EventType "swiss"]
[EventRounds "5"]
[EventCountry "WLS"]

1. Nf3 c6 2. g3 d6 3. Bg2 g6 4. O-O Bg7 5. d3 Nf6 6. e4 e5 7. Nc3 Be6 8. Bd2
Nbd7 9. h3 O-O 10. Ng5 Nh5 11. Qc1 Qb6 12. Be3 Qc7 13. Ne2 Rac8 14. Kh2 d5 15.
Nxe6 fxe6 16. Rb1 d4 17. Bd2 Rf7 18. Bh6 Rcf8 19. Bxg7 Kxg7 20. f3 c5 21. Qd2
b5 22. Rf2 b4 23. c3 Rb8 24. c4 a5 25. b3 Qc6 26. Ng1 Nb6 27. h4 a4 28. Qc1 Nf6
29. Rf1 a3 30. Qg5 Nbd7 31. Qd2 Rh8 32. Qd1 Qd6 33. Bh3 Qe7 34. Kg2 h6 35. Bg4
Nxg4 36. fxg4 Rhf8 37. Qe2 Rf6 38. Rxf6 Rxf6 39. Rf1 Rxf1 40. Qxf1 Nf6 41. Kh3
1/2-1/2

[Event "Dyfed Open"]
[Site "Fishguard"]
[Date "2017.02.26"]
[Round "4"]
[White "Jones, Iolo C"]
[Black "Strugnell, Carl"]
[Result "1-0"]
[WhiteElo "2181"]
[BlackElo "2255"]
[PlyCount "67"]
[EventDate "2017.02.24"]
[EventType "swiss"]
[EventRounds "5"]
[EventCountry "WLS"]

1. d4 Nf6 2. Nf3 d5 3. c4 e6 4. Nc3 Bb4 5. cxd5 exd5 6. Qb3 c5 7. a3 Bxc3+ 8.
bxc3 c4 9. Qb1 Ne4 10. Bd2 Nc6 11. e3 O-O 12. Be2 Bf5 13. Qb2 a5 14. a4 Ra6 15.
O-O Rb6 16. Qc1 Re8 17. Bd1 Re6 18. Ra2 Rg6 19. Kh1 Rb1 20. Qxb1 Nxf2+ 21. Rxf2
Bxb1 22. Rb2 Be4 23. Rxb7 h5 24. Be1 h4 25. h3 Re6 26. Nh2 Qg5 27. Rbxf7 Qxe3
28. Rf8+ Kh7 29. Bd2 Qd3 30. Nf3 Rf6 31. Ng5+ Kg6 32. R2xf6+ gxf6 33. Rg8+ Kf5
34. Bg4# 1-0

[Event "Dyfed Open"]
[Site "Fishguard"]
[Date "2017.02.26"]
[Round "4"]
[White "Kett, Tim"]
[Black "Hewitt, William"]
[Result "1-0"]
[WhiteElo "2193"]
[BlackElo "2033"]
[PlyCount "129"]
[EventDate "2017.02.24"]
[EventType "swiss"]
[EventRounds "5"]
[EventCountry "WLS"]

1. e4 c6 2. Nc3 d5 3. Nf3 Bg4 4. h3 Bxf3 5. Qxf3 Nf6 6. g3 e6 7. Bg2 Nbd7 8. d3
Bd6 9. O-O O-O 10. Be3 Re8 11. Rad1 Qc7 12. g4 Nf8 13. g5 N6d7 14. d4 b5 15.
Qg4 Qa5 16. a3 b4 17. axb4 Qxb4 18. Bc1 Be7 19. h4 Rac8 20. Rd3 dxe4 21. Nxe4
Qc4 22. Qd1 Ng6 23. b3 Qb5 24. c4 Qf5 25. Ng3 Qa5 26. Qg4 c5 27. h5 Ngf8 28.
Bd2 Qa2 29. h6 g6 30. Qf4 f5 31. gxf6 Nxf6 32. dxc5 Qc2 33. Rc3 Qb2 34. Rf3 e5
35. Qe3 Bxc5 36. Qe1 N8d7 37. Bc3 Qc2 38. Qd1 Qxd1 39. Rxd1 Rb8 40. Ba1 Rb6 41.
Rfd3 Nf8 42. Ne4 Be7 43. Bxe5 Nxe4 44. Bxe4 Ne6 45. Bd5 Bb4 46. Rf3 Bc5 47. Re1
Rf8 48. Rxf8+ Kxf8 49. Bxe6 Rxe6 50. Bg7+ Ke7 51. Rxe6+ Kxe6 52. Kf1 Kf5 53.
Ke2 Ke4 54. f3+ Kf4 55. Bc3 g5 56. b4 Bd6 57. b5 g4 58. fxg4 Kxg4 59. Bd4 Bb8
60. Ke3 Kf5 61. Kf3 Kg6 62. Ke4 Kxh6 63. Be5 Bxe5 64. Kxe5 Kg5 65. c5 1-0

[Event "Dyfed Open"]
[Site "Fishguard"]
[Date "2017.02.26"]
[Round "4"]
[White "May, Adam J"]
[Black "Heap, Gerry"]
[Result "0-1"]
[WhiteElo "1922"]
[BlackElo "2072"]
[PlyCount "72"]
[EventDate "2017.02.24"]
[EventType "swiss"]
[EventRounds "5"]
[EventCountry "WLS"]

1. c4 e5 2. g3 Nf6 3. Bg2 d5 4. cxd5 Nxd5 5. Nc3 Nb6 6. Nf3 Nc6 7. O-O Be7 8.
a3 O-O 9. b4 f6 10. Rb1 Be6 11. d3 a5 12. b5 Nd4 13. Nd2 Qc8 14. Bb2 a4 15. e3
Nf5 16. Qc2 Rd8 17. Rfc1 Nd6 18. Nce4 Nxb5 19. Nc5 c6 20. Nxb7 Qxb7 21. Qxc6
Qxc6 22. Rxc6 Bd5 23. Rxb6 Bxg2 24. Kxg2 Nxa3 25. Bxa3 Bxa3 26. Nc4 Bf8 27. Ra1
Rxd3 28. Rb7 a3 29. Nb6 Rad8 30. Nc4 Rc3 31. Nxa3 Rxa3 32. Rc1 Ra2 33. Rcc7
Rdd2 34. Rc8 Rxf2+ 35. Kh3 h5 36. Rbb8 Rxh2# 0-1

[Event "Dyfed Open"]
[Site "Fishguard"]
[Date "2017.02.26"]
[Round "4"]
[White "May, Frank"]
[Black "Taylor, Robert Graham"]
[Result "1-0"]
[WhiteElo "2103"]
[BlackElo "1930"]
[PlyCount "88"]
[EventDate "2017.02.24"]
[EventType "swiss"]
[EventRounds "5"]
[EventCountry "WLS"]

1. d4 Nf6 2. c4 g6 3. Nc3 d5 4. e3 Bg7 5. cxd5 Nxd5 6. Nxd5 Qxd5 7. Ne2 O-O 8.
Nc3 Qd8 9. Be2 c5 10. d5 a6 11. a4 e6 12. e4 f5 13. O-O fxe4 14. Bc4 exd5 15.
Bxd5+ Kh8 16. Nxe4 Bd4 17. Qb3 Nc6 18. Ng5 Na5 19. Qa2 Kg7 20. Nf3 Nc6 21. Bd2
Ne7 22. Be4 Qb6 23. Bc3 Be6 24. Qa3 Bf6 25. a5 Qc7 26. Ng5 Bg8 27. Rad1 h6 28.
Nf3 Kh7 29. Qa4 Be6 30. Rfe1 Bxc3 31. bxc3 Rf4 32. g3 Rf6 33. Qc2 Bg4 34. Rd3
Raf8 35. Ne5 Be6 36. f4 Qxa5 37. Nd7 Bxd7 38. Rxd7 R8f7 39. Rxe7 Rxe7 40. Bxg6+
Rxg6 41. Rxe7+ Kh8 42. Qxg6 Qa1+ 43. Kf2 Qb2+ 44. Re2 Qb6 1-0

[Event "Dyfed Open"]
[Site "Fishguard"]
[Date "2017.02.26"]
[Round "4"]
[White "Spencer, Douglas"]
[Black "Powell, Lloyd"]
[Result "1/2-1/2"]
[WhiteElo "1962"]
[BlackElo "2088"]
[PlyCount "37"]
[EventDate "2017.02.24"]
[EventType "swiss"]
[EventRounds "5"]
[EventCountry "WLS"]

1. d4 Nf6 2. c4 g6 3. Nc3 Bg7 4. e4 d6 5. Be2 O-O 6. Bg5 c5 7. d5 e6 8. dxe6
Bxe6 9. Qd2 Nc6 10. Nf3 Qa5 11. O-O Ng4 12. Rac1 Nge5 13. Nxe5 Bxe5 14. b3 Nd4
15. Bh6 Rfe8 16. Bd3 Bh8 17. Nd5 Qxd2 18. Bxd2 Bxd5 19. exd5 1/2-1/2

[Event "Dyfed Open"]
[Site "Fishguard"]
[Date "2017.02.26"]
[Round "4"]
[White "Byway, Paul V"]
[Black "Mort, Andrew J"]
[Result "1-0"]
[WhiteElo "2054"]
[BlackElo "1885"]
[PlyCount "43"]
[EventDate "2017.02.24"]
[EventType "swiss"]
[EventRounds "5"]
[EventCountry "WLS"]

1. Nf3 e6 2. c4 f5 3. g3 Nf6 4. Bg2 Be7 5. O-O O-O 6. d3 d6 7. Nc3 Nc6 8. Rb1
a5 9. a3 Qe8 10. b4 axb4 11. axb4 Qh5 12. b5 Nb8 13. e3 Nbd7 14. Nd4 Nc5 15.
Qxh5 Nxh5 16. Rd1 Bd7 17. Nde2 Rfb8 18. e4 Bc8 19. Be3 Na4 20. exf5 exf5 21.
Nd5 Bd8 22. b6 1-0

[Event "Dyfed Open"]
[Site "Fishguard"]
[Date "2017.02.26"]
[Round "4"]
[White "Rodriguez, Juan Talavera"]
[Black "Miller, John S"]
[Result "1-0"]
[WhiteElo "2007"]
[BlackElo "1651"]
[PlyCount "70"]
[EventDate "2017.02.24"]
[EventType "swiss"]
[EventRounds "5"]
[EventCountry "WLS"]

1. e4 e6 2. d4 d5 3. Nc3 Bb4 4. e5 c5 5. a3 Bxc3+ 6. bxc3 Ne7 7. Nf3 Bd7 8. a4
Nbc6 9. Bb5 Qc7 10. O-O Na5 11. Bd3 cxd4 12. cxd4 Nc4 13. Nd2 b5 14. Qe2 Qa5
15. Nb3 Qc7 16. Bg5 Ng6 17. f4 O-O 18. h4 f5 19. exf6 gxf6 20. Bh6 f5 21. Bxf8
Rxf8 22. g3 bxa4 23. Nc5 Re8 24. Bxc4 dxc4 25. Nxd7 Qxd7 26. Qxc4 Kh8 27. Qxa4
Qd8 28. Qxa7 Rg8 29. h5 Nh4 30. Qc5 Rxg3+ 31. Kf2 Rg2+ 32. Ke3 Rg3+ 33. Ke2 Qe8
34. Ra7 Qxh5+ 35. Kd2 Ng6 1-0

[Event "Dyfed Open"]
[Site "Fishguard"]
[Date "2017.02.26"]
[Round "4"]
[White "Dixon, Chris"]
[Black "Brown, Thomas"]
[Result "1/2-1/2"]
[WhiteElo "1817"]
[BlackElo "2087"]
[PlyCount "89"]
[EventDate "2017.02.24"]
[EventType "swiss"]
[EventRounds "5"]
[EventCountry "WLS"]

1. Nf3 d5 2. g3 c6 3. Bg2 Bg4 4. O-O Nd7 5. d3 Ngf6 6. Nbd2 e5 7. e4 dxe4 8.
dxe4 Qc7 9. Qe2 Be7 10. b3 O-O-O 11. Bb2 Nc5 12. h3 Bxf3 13. Bxf3 Ne6 14. Nc4
Nd4 15. Bxd4 exd4 16. Rad1 Kb8 17. Bg2 h5 18. f4 Nd7 19. Kh1 Nb6 20. Nxb6 axb6
21. Qd3 g5 22. fxg5 Bxg5 23. Rf5 Be3 24. Rdf1 Rh7 25. Qc4 b5 26. Qe2 Qxg3 27.
Qf3 Qxf3 28. R1xf3 Rd7 29. Rf1 h4 30. Bf3 Re7 31. e5 Rh6 32. Bg4 Rhe6 33. Rh5
Rxe5 34. Rxh4 Rc5 35. Bf5 b4 36. Rh8+ Ka7 37. Rh7 Ra5 38. Bd3 Rxa2 39. Rhxf7
Rxf7 40. Rxf7 Kb6 41. h4 Ra1+ 42. Kh2 Rg1 43. h5 Rg5 44. Bg6 c5 45. Rf6+
1/2-1/2

[Event "Dyfed Open"]
[Site "Fishguard"]
[Date "2017.02.26"]
[Round "4"]
[White "Philpin, Les"]
[Black "Miles, Richard"]
[Result "0-1"]
[WhiteElo "1719"]
[BlackElo "1983"]
[PlyCount "60"]
[EventDate "2017.02.24"]
[EventType "swiss"]
[EventRounds "5"]
[EventCountry "WLS"]

1. d4 Nf6 2. Nf3 c5 3. c3 e6 4. Bf4 cxd4 5. Nxd4 d5 6. e3 Be7 7. Nb5 Na6 8. Nd2
O-O 9. Be2 Bd7 10. Nd4 Nc5 11. N4f3 Qb6 12. b3 Nce4 13. h3 Nxc3 14. Qc2 Nxe2
15. Kxe2 Rac8 16. Qb2 Bb5+ 17. Kd1 Bb4 18. Be5 Be7 19. g4 Bd3 20. Nd4 Ne8 21.
Rc1 Rxc1+ 22. Qxc1 Bd6 23. Bxd6 Nxd6 24. Qc3 Be4 25. f3 Rc8 26. Qb2 Bd3 27. Re1
Nb5 28. Nb1 Nxd4 29. exd4 Bxb1 30. Qxb1 Qxd4+ 0-1

[Event "Dyfed Open"]
[Site "Fishguard"]
[Date "2017.02.26"]
[Round "4"]
[White "Waterfield, John W"]
[Black "Allford, Zane"]
[Result "1-0"]
[WhiteElo "1968"]
[BlackElo "1771"]
[PlyCount "53"]
[EventDate "2017.02.24"]
[EventType "swiss"]
[EventRounds "5"]
[EventCountry "WLS"]

1. e4 e5 2. f4 exf4 3. Nf3 d6 4. Nc3 g5 5. g3 g4 6. Nh4 f3 7. d4 Bg7 8. Be3 Bf6
9. Qd2 Bxh4 10. gxh4 Qxh4+ 11. Bf2 Qh6 12. Qxh6 Nxh6 13. Nd5 Kd7 14. h3 c6 15.
Ne3 Kc7 16. O-O-O f5 17. exf5 Nxf5 18. Nxg4 h5 19. Nh2 Be6 20. c4 Nd7 21. Nxf3
Nf6 22. Ng5 Bd7 23. Bd3 h4 24. Rdf1 Raf8 25. Bxf5 Bxf5 26. Bxh4 Bd3 27. Ne6+
1-0

[Event "Dyfed Open"]
[Site "Fishguard"]
[Date "2017.02.26"]
[Round "4"]
[White "Van Kemenade, Rudy"]
[Black "Jones, Martin C"]
[Result "0-1"]
[WhiteElo "1947"]
[BlackElo "1733"]
[PlyCount "39"]
[EventDate "2017.02.24"]
[EventType "swiss"]
[EventRounds "5"]
[EventCountry "WLS"]

1. f4 e5 2. e4 Bc5 3. Nf3 d6 4. c3 Nf6 5. d4 exd4 6. cxd4 Bb6 7. Nc3 O-O 8. Bd3
Bg4 9. e5 Re8 10. Ne2 Bxf3 11. gxf3 dxe5 12. dxe5 Nd5 13. Be4 Qh4+ 14. Ng3 c6
15. Bxd5 cxd5 16. Qxd5 Nc6 17. Bd2 Rad8 18. Qe4 Rd4 19. Qe2 Rxd2 20. Qxd2 0-1

[Event "Dyfed Open"]
[Site "Fishguard"]
[Date "2017.02.26"]
[Round "4"]
[White "Bevan, Peter M"]
[Black "Horrell, Stephen A"]
[Result "1/2-1/2"]
[WhiteElo "1917"]
[BlackElo "1461"]
[PlyCount "118"]
[EventDate "2017.02.24"]
[EventType "swiss"]
[EventRounds "5"]
[EventCountry "WLS"]

1. c4 e5 2. g3 Nc6 3. Nc3 d6 4. Bg2 g6 5. d3 Bg7 6. Nf3 Nge7 7. O-O O-O 8. Rb1
f5 9. Ne1 Be6 10. Nd5 Qd7 11. b4 Nd8 12. b5 Nxd5 13. cxd5 Bf7 14. Nc2 c6 15.
bxc6 bxc6 16. Nb4 cxd5 17. Nxd5 Rc8 18. Bg5 Kh8 19. Qd2 Ne6 20. Bf6 Nc7 21.
Bxg7+ Kxg7 22. Rb7 Qd8 23. Qa5 Ne6 24. Qxd8 Rfxd8 25. Rxa7 Ra8 26. Rxa8 Rxa8
27. Nc3 Ra3 28. Nb5 Rxa2 29. Nxd6 Ra6 30. Nxf7 Kxf7 31. Bd5 Ke7 32. Rb1 Ra7 33.
Rb6 Nf8 34. Rb7+ Rxb7 35. Bxb7 Kd6 36. Ba6 g5 37. e3 h6 38. Kg2 Ng6 39. Bb5 Ne7
40. h3 Ng6 41. Be8 Ne7 42. Kf3 Ke6 43. g4 f4 44. Ke2 Ng8 45. Kd2 Nf6 46. Bg6
Kd5 47. Kc3 Kd6 48. Bf7 Kc5 49. d4+ Kd6 50. Kd3 fxe3 51. fxe3 exd4 52. Kxd4 Nd7
53. Ke4 Ke7 54. Bc4 Kf6 55. Kd5 Ne5 56. Be2 Nf7 57. Bb5 Ne5 58. Be8 Nf3 59. e4
Ne5 1/2-1/2

[Event "Dyfed Open"]
[Site "Fishguard"]
[Date "2017.02.26"]
[Round "4"]
[White "Greatorex, Roger"]
[Black "Francis, Matthew"]
[Result "0-1"]
[WhiteElo "1820"]
[BlackElo "1634"]
[PlyCount "112"]
[EventDate "2017.02.24"]
[EventType "swiss"]
[EventRounds "5"]
[EventCountry "WLS"]

1. d4 e6 2. Nf3 d5 3. Bg5 Nf6 4. e3 Be7 5. Bd3 h6 6. Bf4 c5 7. c3 Nc6 8. Nbd2
O-O 9. Ne5 Nxe5 10. dxe5 Nd7 11. Qh5 Bg5 12. h4 Bxf4 13. exf4 f5 14. g4 Qe8 15.
Qxe8 Rxe8 16. gxf5 exf5 17. Bxf5 Nxe5 18. Bxc8 Nd3+ 19. Kf1 Raxc8 20. h5 Rf8
21. Rh4 Rxf4 22. Rxf4 Nxf4 23. Nf3 Nxh5 24. Rd1 Nf4 25. Nh4 Re8 26. Rd2 Re5 27.
Ng2 Nxg2 28. Kxg2 Kf7 29. f4 Rf5 30. Kg3 Ke6 31. Re2+ Kd6 32. Rd2 g5 33. fxg5
Rxg5+ 34. Kf4 Re5 35. Rg2 d4 36. c4 Rg5 37. Re2 Rg8 38. Rh2 Rh8 39. Rh5 a6 40.
a4 Rf8+ 41. Ke4 Re8+ 42. Kd3 Re6 43. a5 Kc6 44. Kd2 b6 45. axb6 Kxb6 46. Kd3
Rc6 47. Ke4 Rg6 48. Kd3 Re6 49. Kd2 Rc6 50. Kd3 Ka5 51. Rd5 Kb4 52. Rd8 Rb6 53.
Rd5 Rg6 54. Rh5 Rg3+ 55. Kd2 Kxc4 56. Rxh6 Rg2+ 0-1

[Event "Dyfed Open"]
[Site "Fishguard"]
[Date "2017.02.26"]
[Round "4"]
[White "Ehsander, Peter"]
[Black "Stuart, Neil"]
[Result "1-0"]
[WhiteElo "1928"]
[BlackElo "1783"]
[PlyCount "93"]
[EventDate "2017.02.24"]
[EventType "swiss"]
[EventRounds "5"]
[EventCountry "WLS"]

1. e4 c5 2. Nf3 e6 3. d4 cxd4 4. Nxd4 Nf6 5. Nc3 d6 6. Bg5 Be7 7. Qd2 Nc6 8.
O-O-O a6 9. f4 Qc7 10. Be2 Bd7 11. Rhe1 h6 12. Bh4 Nxe4 13. Nxe4 Bxh4 14. g3
Be7 15. Nxc6 Bxc6 16. Nxd6+ Bxd6 17. Qxd6 Qxd6 18. Rxd6 Rd8 19. Rxd8+ Kxd8 20.
c4 Ke7 21. Rd1 Rd8 22. Rxd8 Kxd8 23. Kc2 Kd7 24. Kc3 Kd6 25. Kd4 b6 26. b4 f6
27. c5+ Kc7 28. Bxa6 b5 29. g4 Kd7 30. h4 Kc7 31. g5 Kd7 32. gxh6 gxh6 33. Kc3
e5 34. fxe5 fxe5 35. a4 bxa4 36. Bc4 Be4 37. b5 Kc7 38. Kb4 Bc2 39. Bd5 e4 40.
Kc3 Bd3 41. b6+ Kb8 42. c6 Ba6 43. Bxe4 Kc8 44. Kb4 a3 45. Kxa3 Kd8 46. Kb4 Ke7
47. b7 1-0

[Event "Dyfed Open"]
[Site "Fishguard"]
[Date "2017.02.26"]
[Round "4"]
[White "Bridges, Paul"]
[Black "Haigh, Tony"]
[Result "1/2-1/2"]
[WhiteElo "1781"]
[BlackElo "1816"]
[PlyCount "65"]
[EventDate "2017.02.24"]
[EventType "swiss"]
[EventRounds "5"]
[EventCountry "WLS"]

1. e4 Nf6 2. Nc3 d5 3. exd5 Nxd5 4. Bc4 Nb6 5. Bb3 Nc6 6. Nf3 Bf5 7. O-O e6 8.
d3 Be7 9. h3 Na5 10. Qe2 Nxb3 11. axb3 O-O 12. Bf4 a6 13. Rfe1 Rc8 14. Rad1 Nd5
15. Nxd5 Qxd5 16. Be5 c5 17. Nd2 Qd8 18. Qf3 b5 19. Ra1 Ra8 20. Qb7 Bd6 21.
Rxa6 Rxa6 22. Qxa6 Bxe5 23. Rxe5 Qd4 24. Re1 Qxb2 25. Qxb5 Qxc2 26. Ne4 Rd8 27.
Nxc5 Bxd3 28. Nxd3 Qxd3 29. Qxd3 Rxd3 30. Rb1 Kf8 31. Rb2 Rd5 32. Kf1 Ke7 33.
Ke2 1/2-1/2

[Event "Dyfed Open"]
[Site "Fishguard"]
[Date "2017.02.26"]
[Round "4"]
[White "Buttell, David"]
[Black "Whale, Michael"]
[Result "1-0"]
[WhiteElo "1748"]
[BlackElo "1788"]
[PlyCount "39"]
[EventDate "2017.02.24"]
[EventType "swiss"]
[EventRounds "5"]
[EventCountry "WLS"]

1. d4 f5 2. g3 Nf6 3. b3 d5 4. Bg2 e6 5. Bb2 Be7 6. Nf3 O-O 7. O-O Bd7 8. Ne5
Be8 9. Nd2 Nbd7 10. Ndf3 c6 11. Ng5 Bf7 12. Nexf7 Rxf7 13. Nxf7 Kxf7 14. c4 h5
15. cxd5 exd5 16. f3 Kg8 17. Qd3 g6 18. e4 dxe4 19. fxe4 Nc5 20. Qc4+ 1-0

[Event "Dyfed Open"]
[Site "Fishguard"]
[Date "2017.02.26"]
[Round "4"]
[White "Orton, Paul"]
[Black "Thomas, Roy"]
[Result "0-1"]
[WhiteElo "1617"]
[BlackElo "1718"]
[PlyCount "92"]
[EventDate "2017.02.24"]
[EventType "swiss"]
[EventRounds "5"]
[EventCountry "WLS"]

1. e4 c5 2. Nf3 Nc6 3. d4 cxd4 4. Nxd4 e5 5. Nf3 Be7 6. Bb5 Nf6 7. Nc3 d6 8. h3
O-O 9. O-O Qc7 10. a3 a6 11. Bc4 b5 12. Nd5 Nxd5 13. Bxd5 Bb7 14. Be3 Rac8 15.
Rc1 Na5 16. Bxb7 Qxb7 17. Qd3 Nc4 18. Rb1 Nxe3 19. fxe3 Rc4 20. Nd2 Rc7 21. Nf3
Rfc8 22. Rf2 Rc4 23. Re2 Qxe4 24. Qxe4 Rxe4 25. Rd1 Rec4 26. c3 f5 27. Nd2 R4c6
28. e4 f4 29. Nf3 Kf7 30. Red2 Ke6 31. g3 g5 32. gxf4 gxf4 33. Rg2 Kf7 34. Kf2
Rg8 35. Rxg8 Kxg8 36. Rg1+ Kf7 37. Rd1 Rc8 38. h4 Rg8 39. h5 Ke6 40. Re1 Rg4
41. Rh1 d5 42. exd5+ Kxd5 43. Rd1+ Ke6 44. b4 Bf6 45. Re1 Bh4+ 46. Nxh4 Rxh4
0-1

[Event "Dyfed Open"]
[Site "Fishguard"]
[Date "2017.02.26"]
[Round "4"]
[White "Probert, Malcolm"]
[Black "Jones, Huw"]
[Result "1/2-1/2"]
[WhiteElo "1598"]
[BlackElo "1707"]
[PlyCount "31"]
[EventDate "2017.02.24"]
[EventType "swiss"]
[EventRounds "5"]
[EventCountry "WLS"]

1. Nf3 d5 2. g3 Nf6 3. Bg2 e6 4. O-O c6 5. d4 Be7 6. c4 dxc4 7. Ne5 O-O 8. Nxc4
Nbd7 9. Nc3 Nb6 10. Ne5 Nbd5 11. e4 Nxc3 12. bxc3 Qa5 13. Qc2 Rd8 14. Rd1 Bd7
15. Rb1 Qc7 16. Bf4 1/2-1/2